LEADER 00923nam a2200241 i 4500 001 000000233220 003 CaOOAMICUS 005 20231110142553.0 008 140917s1884 it u000 u ita u 013 $a212123 040 $aSeMil$bita 100 1 $aStrafforello, Gustavo,$d<1820-1903>.$0(OLS)http://semarc/name/36027 245 10$aAlimentazione /$cdi Gustavo Strafforello. 260 $aMilano :$bUlrico Hoepli,$c1884. 300 $aVII, 122 p. ;$c16 cm. 490 0 $aManuali Hoepli. Serie pratica 650 4$aAlimentazione.$0(OLS)http://semarc/subject/2565 830 0$aManuali Hoepli. Serie pratica.$0(OLS)http://semarc/title/41580 850 $aSeMil 852 $aSeMil$W1$xVenegono$y1$m2ZA I 14 FA$j183566$B183566$CSeMilBibl$Z2$F194344 $8I 996 $6245$aAlimentazione$9(OLS)http://semarc/title/332790 996 $6260$aMilano :$bUlrico Hoepli$9(OLS)http://semarc/publisher/29765 LEADER 01384nam a2200265 i 4500 001 000000050717 003 CaOOAMICUS 005 20200810144614.0 008 121207s1859 it u000 u ita u 013 $a21888 040 $aSeMil$bita 100 1 $aDescuret, Jean-Baptiste-Félix,$d<1795-1871>.$0(OLS)http://semarc/name/12646 240 13$aLa médecine des passions ou Les passions considérées dans leurs rapports avec les maladies, les lois et la religion.$0(OLS)http://semarc/title/77454 245 13$aLa medicina delle passioni, ovvero Le passioni considerate nelle relazioni colla medicina colle leggi e colla religione /$cdi J. B. F. Descuret ; versione di F. Zappert ; con note di Ferdinando Tonini. 250 $a4. ed. milanese 260 $aMilano :$bErnesto Oliva,$c1859. 300 $aX, 600 p. ;$c19 cm. 650 4$aVizi.$0(OLS)http://semarc/subject/3389 650 4$aPassioni.$0(OLS)http://semarc/subject/4471 700 1 $aTonini, Ferdinando.$0(OLS)http://semarc/name/25109 850 $aSeMil 852 $aSeMil$W1$xVenegono$y1$m2F II 49 FA$j16872$B16872$CSeMilBibl$Z2$F16872 $8I 996 $6245$aLa medicina delle passioni, ovvero Le passioni considerate nelle relazioni colla medicina colle leggi e colla religione$9(OLS)http://semarc/title/77453 996 $6260$aMilano :$bErnesto Oliva$9(OLS)http://semarc/publisher/31294